000 00273nam a2200109Ia 4500
008 190902s9999||||xx |||||||||||||| ||und||
100 _aMargaret McKenna
245 0 _aPerspectives On Sociaty & Environment
260 _aUK
_bPrentice Hall
_c1996
300 _a240
942 _cBK
999 _c2958
_d2958